• 首页
  • 本馆介绍
  • 公告通知
  • 最新文献
  • 馆藏检索
  • 电子资源
  • 读者导购
  • 参考咨询
  • 我的图书馆
  • 登录
  • 详细信息显示
  • 放入我的书架
  • 预约/预借图书
  • 作者相关作品
  • 分类相关作品
  • 丛书相关作品
  • 出版社相关作品

书目信息

  • 表格格式
  • 工作单格式
  • 卡片格式
题名:
黑洞简史
    
 
作者: 芭楚莎 著 ;杨泓 , 孙红贵 译
分册:  
出版信息: 长沙   湖南科学技术出版社  2016.09
页数: 13, 235页
开本: 26cm
丛书名:
单 册:
中图分类: P145.8
科图分类:
主题词: 黑洞--hei dong--简史
电子资源:
ISBN: 978-7-5357-8985-3
000 01690nam0 2200313 450
001 CAL 0120161994535
005 20170410150857.73
010    @a978-7-5357-8985-3@b@dCNY39.80
100    @a20160918d2016 em y0chiy50 ea
101 1  @achi@ceng
102    @aCN@b430000
105    @aa z 000yy
106    @ar
200 1  @a黑洞简史@Ahei dong jian shi@e从史瓦西奇点到引力波 霍金痴迷、爱因斯坦拒绝 牛顿错过的伟大发现@f(美) 玛西亚·芭楚莎著@d= Black hole@ehow an idea abandoned by Newtonians, hated by Einstein, and gambted on by Hawking became lvoed@fMarcia Bartusiak@g杨泓, 孙红贵译@zeng
210    @a长沙@c湖南科学技术出版社@d2016.09
215    @a13, 235页@c图@d26cm
306    @a由Grand China Publishing House (中资出版社) 授权出版
314    @a玛西亚·芭楚莎 (Marcia Bartusiak), 是麻省理工学院教授, 在物理学和天文学领域工作超过30年。
330    @a本书讲述了关于黑洞的激烈争论, 还高度赞颂了爱因斯坦和霍金等思想先驱, 他们所做的贡献改变了我们对宇宙的认知。作者在书中提到了黑洞这一理论让爱因斯坦获得了最大成就, 发现了广义相对论, 但是在此之后, 黑洞的理论一直不被人们接受。
500 10 @aBlack hole : how an idea abandoned by Newtonians, hated by Einstein, and gambted on by Hawking became lvoed@mChinese
517 1  @a从史瓦西奇点到引力波 霍金痴迷、爱因斯坦拒绝 牛顿错过的伟大发现@Acong shi wa xi qi dian dao yin li bo huo jin chi mi 、 ai yin si tan ju jue niu dun cuo guo de wei da fa xian
606 0  @a黑洞@Ahei dong@x简史
690    @aP145.8@v5
701  1 @a芭楚莎@Aba chu sha@g(Bartusiak, Marcia)@4著
702  0 @a杨泓@Ayang hong@4译
702  0 @a孙红贵@Asun hong gui@4译
801  0 @aCN@b人天书店@c20160918@g
905    @aMUSE@dP145.8@e2
906    @dCNY39.80@n3@r1
    
    黑洞简史:从史瓦西奇点到引力波 霍金痴迷、爱因斯坦拒绝 牛顿错过的伟大发现/(美) 玛西亚·芭楚莎著= Black hole:how an idea abandoned by Newtonians, hated by Einstein, and gambted on by Hawking became lvoed/Marcia Bartusiak/杨泓, 孙红贵译.-长沙:湖南科学技术出版社,2016.09
    13, 235页:图;26cm
    
    
    ISBN 978-7-5357-8985-3:CNY39.80
    本书讲述了关于黑洞的激烈争论, 还高度赞颂了爱因斯坦和霍金等思想先驱, 他们所做的贡献改变了我们对宇宙的认知。作者在书中提到了黑洞这一理论让爱因斯坦获得了最大成就, 发现了广义相对论, 但是在此之后, 黑洞的理论一直不被人们接受。
●
相关链接 在五车中查询图书 在当当中查询图书 在豆瓣中查询图书


正题名:黑洞简史     索取号:P145.8/2         预约/预借

序号 登录号 条形码 馆藏地/架位号 状态 备注
1 832911   2000832911   第二书库/ [索取号:P145.8/2] 在馆    
2 832912   2000832912   第二书库/ [索取号:P145.8/2] 在馆    
3 832913   2000832913   第二书库/ [索取号:P145.8/2] 在馆    
山东省滨州职业学院图书馆 欢迎您!
大连网信软件有限公司© 版权所有